000 00158nam a2200085 4500
082 _aRUP
100 _aRup, Ram
245 _aBooking and Accounting
942 _cBK
999 _c13167
_d13167